000 00880nam a22002657a 4500
001 4114
003 FISKH
005 20240607110113.0
008 240607b cb ||||| |||| 00| 0 eng d
020 _a9780545447805
040 _aFISKH
_beng
_cFISKH
_dFISKH
050 _aE185.K5
082 _a323.092
100 _aNorwich Grace
245 _aI am martin luther king Jr. /
_cGrace Norwich
260 _aNew York :
_bScholastic,
_c2012
300 _a127 pages :
_billustrations ;
_c20 cm
505 _aZ
520 _aAn introduction to the achievements and lasting influence of the heroic civil rights leader covers topics ranging from his organization of the Montgomery Bus Boycott to his famed "I Have a Dream" speech.
521 8 _a1110
_bLexile
521 8 _aZ
_bRaz-Plus
700 _aGrace Norwich
942 _2ddc
_cBK
_n0
999 _c4114
_d4114